000 00405nam a2200181Ia 4500
001 892
005 20260306140551.0
008 260306t2015||||xx |||||||||||||| ||spa||
041 _aESP
082 _a172
_bLL724
100 _aLlano, Alejandro
_eAUT
245 0 _aHumanismo cívico
260 _c2015
300 _a413 páginas :
_c20 cm.
650 _aGEN
654 _aCHU
942 _cLIB
_dJUS
_fJUS
_2ddc
_n
999 _c892
_d892